Statistics for Mariska Hargitay Filmography

Click here to take the quiz!

General Stats

  • This quiz has been taken 21 times
    (3 since last reset)
  • The average score is 28 of 67

Answer Stats

TypeYearName% Correct
Music Video2015Bad Blood
100%
TV Show2015Chicago Fire
100%
TV Show2014, 2015, 2016Chicago P.D.
67%
TV Show1997-1998ER
67%
Short Film2010F--K
67%
Film1985Ghoulies
67%
Documentary2017I Am Evidence
67%
TV Show1988In the Heat of the Night
67%
Film1987Jocks
67%
Film1999Lake Placid
67%
TV Show2000, 2005, 2022Law & Order
67%
TV Show2021-PresentLaw & Order: Organized Crime
67%
TV Show1999-PresentLaw & Order: Special Victims Unit
67%
TV Show2005Law & Order: Trial by Jury
67%
Film1995Leaving Las Vegas
67%
TV Show2017Nightcap
67%
TV Film2004Plain Truth
67%
TV Show2019Saturday Night Live
67%
TV Show1993Seinfeld
67%
Music Video1984She Loves My Car
67%
Film2006Tales from Earthsea
67%
Film2008The Love Guru
67%
Film1991The Perfect Weapon
67%
Video Game2005True Crime: New York City
67%
TV Show1991Adam-12
33%
TV Show1995All-American Girl
33%
Film1993Bank Robber
33%
TV Show1989Baywatch
33%
TV Film1993Blind Side
33%
TV Show1990Booker
33%
TV Show1995-1996Can't Hurry Love
33%
TV Show1997Cracker
33%
TV Show1986-1987Downtown
33%
TV Show1996Ellen
33%
TV Show1988Falcon Crest
33%
TV Film1989Finish Line
33%
TV Show1988Freddy's Nightmares - A Nightmare on Elm Street: The Series
33%
TV Show1990Gabriel's Fire
33%
TV Film1994Gambler V: Playing for Keeps
33%
Short Film2021Grace Gaustad BLKBX
33%
TV Show1992Grapevine
33%
Film1991Hard Time Romance
33%
TV Mini-Series1993Hotel Room
33%
TV Show2010Kathy Griffin: My Life on the D-List
33%
TV Show1993Key West
33%
TV Show1999Love, American Style
33%
Film1988Mr. Universe
33%
TV Film1997Night Sins
33%
Film2001Perfume
33%
TV Show1997, 2000Prince Street
33%
Film1991Strawberry Road
33%
TV Show1992Tequilla and Bonetti
33%
TV Film1997The Advocate's Devil
33%
TV Show2015The Jim Gaffigan Show
33%
TV Show1996The Single Guy
33%
TV Show1990Thirtysomething
33%
Film1986Welcome to 18
33%
TV Show1990Wiseguy
33%
TV Documentary2006America Rebuilds II: Return to Ground Zero
0%
TV Show1992FBI: The Untold Stories
0%
Short Documentary2007Freedom Dance
0%
Documentary Series2022Gutsy
0%
Documentary2013Stuck
0%
Theater2002The Exonerated
0%
TV Show1996The Lazrus Man
0%
TV Show1966The Merv Griffin Show
0%
TV Special2020The Paley Center Salutes Law & Order: SVU
0%

Score Distribution

Percentile by Number Answered

Percent of People with Each Score

Your Score History

You have not taken this quiz since the last reset